00210nam a2200085Ia 4500008004100000100002500041245002100066260002500087650001200112190216s9999||||xx |||||||||||||| ||und|| aBhabani Bhattacharya 0aMusic For Mohini bAn Orient Paper Back aEnglish